000 00245 a2200097 4500
020 _a9780590485609
041 _aspa
100 _aNathan Zilmeman
245 _aComo el segundo grado junto 8,205 para visitar la Estatua de la Libertad
942 _cBK
999 _c15765
_d15765